| 000 | 00518nam a22001697a 4500 | ||
|---|---|---|---|
| 005 | 20240723085052.0 | ||
| 008 | 240723b |||||||| |||| 00| 0 eng d | ||
| 020 | _a9781440310324 | ||
| 082 |
_a741.6 _bCHE-I |
||
| 100 | _aGeismar, Tom | ||
| 245 |
_aIdentify : _bBasic Principles of Identity Design in the Iconic Trademarks of Chermayeff & Geismar _cSagi Haviv |
||
| 260 |
_aUSA: _bElsevier; _c2011. |
||
| 300 |
_axiv, 250 p. : _bill; _c27 cm. |
||
| 500 | _ainclude index. | ||
| 650 | _aGraphic design | ||
| 999 |
_c36168 _d36168 |
||